| 000 | 00708nam a22002057a 4500 | ||
|---|---|---|---|
| 999 |
_c478229 _d478229 |
||
| 003 | NUST | ||
| 005 | 20180424052912.0 | ||
| 008 | 180424b ||||| |||| 00| 0 eng d | ||
| 040 | _c0 | ||
| 082 | _a628 ZAH | ||
| 100 |
_aZahra Saeed, Muhammad Qasim, Mohammad Ali Chaudhry _910246 |
||
| 245 |
_aFertilizer Drawn Forward Osmosis (FDFO) Membrane Process for Textile Dyes Removal _cZahra Saeed, Muhammad Qasim, Mohammad Ali Chaudhry |
||
| 260 |
_aIslamabad _bIESE (SCEE) NUST _c2017 |
||
| 300 |
_a60p. _bH.B |
||
| 440 |
_aUG Environmental Engineering _91834 |
||
| 500 | _aThesis UG EE | ||
| 650 |
_aEnvironmental Engineering _91550 |
||
| 700 | _4Engr. Arsalan Khalid (Supervisor) | ||
| 942 |
_2ddc _cTHE _kIESE |
||